[Event "POL-chT U19 1th League"]
[Site "Gorzow Wielkopolski"]
[Date "2008.07.11"]
[Round "7.8"]
[White "Kowalski, Lukasz"]
[Black "Kukla, Maciej"]
[Result "0-1"]
[WhiteElo "2095"]
[BlackElo "2156"]
[PlyCount "46"]
[EventDate "2008.07.05"]
[EventType "team-tourn"]
[EventRounds "9"]
[EventCountry "POL"]
[SourceTitle "EXT 2019"]
[Source "ChessBase"]
[SourceDate "2018.10.10"]
[SourceVersion "1"]
[SourceVersionDate "2018.10.10"]
[SourceQuality "1"]
[WhiteTeam "Skierniewice KS Piatka U19"]
[BlackTeam "Bogatynia UKS SP3 U19"]
[WhiteTeamCountry "POL"]
[BlackTeamCountry "POL"]

1. e4 c5 2. Nf3 Nc6 3. d4 cxd4 4. Nxd4 Nf6 5. Nc3 e5 6. Ndb5 d6 7. a4 a6 8. Na3 Bg4 9. f3 Be6 10. Bc4 Be7 11. Be3 Rc8 12. 0-0 0-0 13. Qd2 Nb4 14. Bd5 Nfxd5 15. exd5 Bf5 16. b3 Nxd5 17. Nc4 b6 18. Na2 b5 19. axb5 axb5 20. Na3 e4 21. Nxb5 exf3 22. Nd4 Be4 23. Nc6 Rxc6 0-1

[Event "POL-chT U19 1th League"]
[Site "Gorzow Wielkopolski"]
[Date "2008.07.10"]
[Round "6.20"]
[White "Kukla, Maciej"]
[Black "Januszewski, Tomasz"]
[Result "1-0"]
[WhiteElo "2156"]
[BlackElo "1981"]
[PlyCount "60"]
[EventDate "2008.07.05"]
[EventType "team-tourn"]
[EventRounds "9"]
[EventCountry "POL"]
[SourceTitle "EXT 2019"]
[Source "ChessBase"]
[SourceDate "2018.10.10"]
[SourceVersion "1"]
[SourceVersionDate "2018.10.10"]
[SourceQuality "1"]
[WhiteTeam "Bogatynia UKS SP3 U19"]
[BlackTeam "Wroclaw MUKS MDK Srodmiescie U19"]
[WhiteTeamCountry "POL"]
[BlackTeamCountry "POL"]

1. e4 c5 2. Nf3 Nc6 3. d4 cxd4 4. Nxd4 Nf6 5. Nc3 e5 6. Ndb5 d6 7. Bg5 a6 8. Na3 b5 9. Nd5 Be7 10. Bxf6 Bxf6 11. c4 b4 12. Nc2 Rb8 13. b3 0-0 14. g3 Bg5 15. h4 Bh6 16. Bh3 g6 17. Bxc8 Qxc8 18. h5 Kg7 19. hxg6 fxg6 20. Kf1 Qd7 21. Kg2 Bg5 22. Qe2 h5 23. Rh2 Qa7 24. Qf1 Nd4 25. Nxd4 Qxd4 26. Nc7 Rf6 27. Rd1 Rxf2+ 28. Qxf2 Qxd1 29. Rh1 Qg4 30. Qe1 h4 1-0

[Event "POL-ch U18"]
[Site "Leba"]
[Date "2008.04.05"]
[Round "10"]
[White "Rawicz, Karol"]
[Black "Kukla, Maciej"]
[Result "0-1"]
[WhiteElo "2212"]
[BlackElo "2151"]
[PlyCount "56"]
[EventDate "2008.03.29"]
[EventType "swiss"]
[EventRounds "11"]
[EventCountry "POL"]
[SourceTitle "CBM 123 Extra"]
[Source "ChessBase"]
[SourceDate "2008.05.06"]
[SourceVersion "1"]
[SourceVersionDate "2008.05.06"]
[SourceQuality "1"]

1. e4 c5 2. Nf3 e6 3. d4 cxd4 4. Nxd4 Nc6 5. Nc3 Qc7 6. Be2 a6 7. 0-0 Nf6 8. Be3 Bb4 9. Bg5 Bxc3 10. Bxf6 gxf6 11. bxc3 Ne5 12. f4 Nc4 13. Bxc4 Qxc4 14. Qd3 Qc7 15. Qh3 b6 16. Qh4 Qd8 17. Rae1 h5 18. Rd1 Bb7 19. f5 e5 20. Ne6 fxe6 21. fxe6 d6 22. Rxf6 Qe7 23. Rdf1 0-0-0 24. Qh3 Rde8 25. Rg6 Bxe4 26. Rgf6 Rhg8 27. g3 Bd5 28. Qxh5 Bxe6 0-1

[Event "POL-ch U18"]
[Site "Leba"]
[Date "2008.04.02"]
[Round "7"]
[White "Kukla, Maciej"]
[Black "Bobula, Mateusz"]
[Result "0-1"]
[WhiteElo "2151"]
[BlackElo "2410"]
[PlyCount "74"]
[EventDate "2008.03.29"]
[EventType "swiss"]
[EventRounds "11"]
[EventCountry "POL"]
[SourceTitle "CBM 123 Extra"]
[Source "ChessBase"]
[SourceDate "2008.05.06"]
[SourceVersion "1"]
[SourceVersionDate "2008.05.06"]
[SourceQuality "1"]

1. e4 c6 2. d4 d5 3. e5 Bf5 4. Nc3 e6 5. g4 Bg6 6. Nge2 c5 7. Be3 Nc6 8. f4 h5 9. f5 exf5 10. Nf4 Be7 11. Bg2 Bh4+ 12. Kf1 cxd4 13. Bxd4 Nxd4 14. Qxd4 fxg4 15. Nb5 Ne7 16. Nd6+ Kf8 17. Bxd5 Nf5 18. Nxg6+ fxg6 19. Qf4 Qg5 20. Qxg5 Bxg5 21. Be4 Ke7 22. Ke2 Nxd6 23. exd6+ Kxd6 24. Rad1+ Kc7 25. Bxg6 Rh6 26. Bf7 Rf6 27. Bd5 Re8+ 28. Kd3 Re3+ 29. Kd4 Rf2 30. Be4 Rh3 31. Rhf1 Bf6+ 32. Kc5 Rxf1 33. Rxf1 Rxh2 34. Rg1 Bxb2 35. Rb1 b6+ 36. Kb5 Bf6 37. Rd1 Re2 0-1

[Event "POL-ch U18"]
[Site "Leba"]
[Date "2008.03.29"]
[Round "1"]
[White "Kukla, Maciej"]
[Black "Wojtaszewski, Piotr"]
[Result "1-0"]
[WhiteElo "2151"]
[BlackElo "1938"]
[PlyCount "63"]
[EventDate "2008.03.29"]
[EventType "swiss"]
[EventRounds "11"]
[EventCountry "POL"]
[SourceTitle "CBM 123 Extra"]
[Source "ChessBase"]
[SourceDate "2008.05.06"]
[SourceVersion "1"]
[SourceVersionDate "2008.05.06"]
[SourceQuality "1"]

1. e4 c5 2. Nf3 Nf6 3. Nc3 e6 4. e5 Nd5 5. Nxd5 exd5 6. d4 d6 7. Bb5+ Bd7 8. Bxd7+ Qxd7 9. 0-0 dxe5 10. Nxe5 Qf5 11. Re1 Be7 12. dxc5 0-0 13. Qxd5 Rd8 14. Nc6 Rxd5 15. Nxe7+ Kf8 16. Nxf5 Rxf5 17. b4 Nc6 18. c3 Rd8 19. Be3 Rfd5 20. Kf1 Ne5 21. Ke2 Nd3 22. Red1 f5 23. f4 Nb2 24. Rxd5 Rxd5 25. a4 g5 26. g3 gxf4 27. gxf4 Rd7 28. Ra2 Nc4 29. Bd4 b6 30. c6 Rd5 31. Kd3 Nd6 32. c4 1-0

[Event "POL-ch U16"]
[Site "Leba"]
[Date "2007.03.27"]
[Round "5"]
[White "Kukla, Maciej"]
[Black "Smola, Michal"]
[Result "0-1"]
[WhiteElo "2143"]
[BlackElo "2063"]
[PlyCount "50"]
[EventDate "2007.03.24"]
[EventType "swiss"]
[EventRounds "11"]
[EventCountry "POL"]
[SourceTitle "EXT 2011"]
[Source "ChessBase"]
[SourceDate "2010.11.26"]
[SourceVersion "1"]
[SourceVersionDate "2010.11.26"]
[SourceQuality "1"]

1. e4 c5 2. Nf3 d6 3. d4 Nf6 4. Nc3 cxd4 5. Nxd4 Nc6 6. Bc4 e6 7. Be3 Be7 8. Qe2 0-0 9. 0-0-0 a6 10. Bb3 Qc7 11. Rhg1 b5 12. g4 Nd7 13. Nf5 exf5 14. Nd5 Qd8 15. gxf5 Kh8 16. Rg3 Nc5 17. Qh5 g6 18. Qh6 Rg8 19. Bxc5 Bf8 20. Qf4 dxc5 21. Nc7 Nd4 22. Rxd4 Qxd4 23. fxg6 Rxg6 24. Qxf7 Bh6+ 25. f4 Bg4 0-1

[Event "POL-ch U16"]
[Site "Leba"]
[Date "2007.03.25"]
[Round "3"]
[White "Kukla, Maciej"]
[Black "Zadlo, Tomasz"]
[Result "1/2-1/2"]
[WhiteElo "2143"]
[BlackElo "1905"]
[PlyCount "59"]
[EventDate "2007.03.24"]
[EventType "swiss"]
[EventRounds "11"]
[EventCountry "POL"]
[SourceTitle "EXT 2011"]
[Source "ChessBase"]
[SourceDate "2010.11.26"]
[SourceVersion "1"]
[SourceVersionDate "2010.11.26"]
[SourceQuality "1"]

1. e4 e6 2. d4 d5 3. Nd2 Nc6 4. Ngf3 Nf6 5. e5 Nd7 6. Nb3 Be7 7. Bb5 a5 8. a4 Na7 9. Be2 b6 10. c3 Bb7 11. h4 h6 12. Bf4 Qc8 13. h5 Ba6 14. Nh4 c5 15. Nf3 Bxe2 16. Qxe2 c4 17. Nbd2 b5 18. axb5 Nxb5 19. Nb1 Qc6 20. Rh3 Nb6 21. Rg3 Bf8 22. Nh4 a4 23. Bc1 0-0-0 24. Na3 Nxa3 25. bxa3 Be7 26. Nf3 Rhg8 27. Rb1 Kc7 28. Ra1 Kc8 29. Rb1 Kc7 30. Qb2 1/2-1/2

[Event "Leutersdorf Muench Braeu op 12th"]
[Site "Leutersdorf"]
[Date "2007.02.11"]
[Round "3"]
[White "Kukla, Maciej"]
[Black "Roessler, Frank Peter"]
[Result "1-0"]
[WhiteElo "2132"]
[BlackElo "2138"]
[PlyCount "103"]
[EventDate "2007.02.10"]
[EventType "swiss"]
[EventRounds "7"]
[EventCountry "GER"]
[SourceTitle "EXT 2008"]
[Source "ChessBase"]
[SourceDate "2007.11.25"]
[SourceVersion "1"]
[SourceVersionDate "2007.11.25"]
[SourceQuality "1"]

1. e4 e6 2. d4 d5 3. Nd2 dxe4 4. Nxe4 Nd7 5. Nf3 Ngf6 6. Bg5 Be7 7. Bxf6 Nxf6 8. Bd3 b6 9. c3 Bb7 10. Qc2 Nxe4 11. Bxe4 Bxe4 12. Qxe4 0-0 13. 0-0-0 Qd6 14. Ne5 Qd5 15. Qxd5 exd5 16. f4 f6 17. Nf3 Bd6 18. g3 Rfe8 19. Rhe1 Kf7 20. Kc2 Re4 21. Nd2 Rxe1 22. Rxe1 c5 23. Nf1 cxd4 24. cxd4 Rc8+ 25. Kd3 Bb4 26. Re2 g6 27. Ne3 Rd8 28. Rc2 Rd7 29. Rc6 h5 30. a3 Be7 31. Kc3 f5 32. Nf1 Bf6 33. Nd2 Re7 34. Kd3 Re1 35. Rc7+ Re7 36. Rc1 g5 37. Nf3 gxf4 38. gxf4 Re4 39. Rc7+ Ke6 40. Ne5 Rxf4 41. Rc6+ Ke7 42. Ng6+ Kd7 43. Rxf6 Rf2 44. h4 Rxb2 45. Rxf5 Rb3+ 46. Kd2 Rxa3 47. Rxd5+ Kc6 48. Ne7+ Kc7 49. Rxh5 Rh3 50. Nd5+ Kc6 51. Nb4+ Kd6 52. Rh6+ 1-0

[Event "POL-chT U19 37th"]
[Site "Szklarska Poreba"]
[Date "2006.07.10"]
[Round "11.8"]
[White "Mazurkiewicz, Michal"]
[Black "Kukla, Maciej"]
[Result "1-0"]
[WhiteElo "2193"]
[BlackElo "2096"]
[PlyCount "85"]
[EventDate "2006.07.02"]
[EventType "team-tourn"]
[EventRounds "11"]
[EventCountry "POL"]
[SourceTitle "EXT 2019"]
[Source "ChessBase"]
[SourceDate "2018.10.10"]
[SourceVersion "1"]
[SourceVersionDate "2018.10.10"]
[SourceQuality "1"]
[WhiteTeam "Gorzow Wielkopolski Stilon U19"]
[BlackTeam "Bogatynia UKS SP3 U19"]
[WhiteTeamCountry "POL"]
[BlackTeamCountry "POL"]

1. e4 c5 2. Nf3 Nc6 3. d4 cxd4 4. Nxd4 Nf6 5. Nc3 e5 6. Ndb5 d6 7. Nd5 Nxd5 8. exd5 Ne7 9. c3 Nf5 10. a4 g6 11. Bd3 Bg7 12. 0-0 0-0 13. Qb3 Re8 14. Re1 Re7 15. Qb4 Bf8 16. Bg5 a6 17. Bxf5 Bxf5 18. Nxd6 Qd7 19. Nxf5 gxf5 20. Bxe7 Bxe7 21. d6 Bf6 22. Rad1 Kh8 23. Qa5 Rc8 24. Qd5 Rd8 25. Rxe5 Bxe5 26. Qxe5+ Kg8 27. Rd3 f4 28. Qxf4 f5 29. Qe5 f4 30. Qxf4 Re8 31. Rg3+ Qg7 32. Rxg7+ Kxg7 33. Qg5+ Kh8 34. Qe7 Rxe7 35. dxe7 Kg7 36. e8N+ Kf8 37. Nf6 h6 38. Nd7+ Ke7 39. Nc5 b5 40. Nxa6 bxa4 41. Nc5 Kd6 42. Nxa4 Kc7 43. g4 1-0

[Event "Lasker Memorial op-A"]
[Site "Barlinek"]
[Date "2006.06.08"]
[Round "6"]
[White "Bylino, Oleg"]
[Black "Kukla, Maciej"]
[Result "1/2-1/2"]
[WhiteElo "2316"]
[BlackElo "2026"]
[PlyCount "52"]
[EventDate "2006.06.03"]
[EventType "swiss"]
[EventRounds "9"]
[EventCountry "POL"]
[SourceTitle "CBM 112 Extra"]
[Source "ChessBase"]
[SourceDate "2006.07.14"]
[SourceVersion "1"]
[SourceVersionDate "2006.07.14"]
[SourceQuality "1"]

1. Nf3 Nf6 2. c4 g6 3. g3 Bg7 4. Bg2 0-0 5. 0-0 d6 6. Nc3 Nbd7 7. d4 e5 8. e4 exd4 9. Nxd4 Re8 10. h3 Nc5 11. Re1 a5 12. b3 c6 13. Rb1 Nfd7 14. Be3 Ne5 15. Qc2 f5 16. exf5 gxf5 17. Rbd1 Qf6 18. Nde2 f4 19. Nxf4 Bf5 20. Qe2 Ned3 21. Ncd5 cxd5 22. Bxd5+ Kh8 23. Nxd3 Nxd3 24. Rxd3 Bxd3 25. Qxd3 Re7 26. Rd1 Rae8 1/2-1/2

[Event "POL-ch U16"]
[Site "Leba"]
[Date "2006.03.29"]
[Round "7"]
[White "Roszkowski, Rafal"]
[Black "Kukla, Maciej"]
[Result "1/2-1/2"]
[WhiteElo "2044"]
[BlackElo "1987"]
[PlyCount "122"]
[EventDate "2006.03.25"]
[EventType "swiss"]
[EventRounds "11"]
[EventCountry "POL"]
[SourceTitle "CBM 111 Extra"]
[Source "ChessBase"]
[SourceDate "2006.05.09"]
[SourceVersion "1"]
[SourceVersionDate "2006.05.09"]
[SourceQuality "1"]

1. e4 c5 2. Nc3 Nc6 3. Bb5 e6 4. Bxc6 bxc6 5. f4 Nf6 6. Nf3 d5 7. e5 Nd7 8. d3 Ba6 9. b3 Be7 10. 0-0 0-0 11. Kh1 Qc7 12. Qe1 c4 13. dxc4 dxc4 14. Rf2 Rfd8 15. Ne4 c5 16. Nfd2 Nb6 17. Bb2 Bh4 18. Ng3 Bb7 19. Qe2 cxb3 20. axb3 Rd7 21. Rff1 Bxg3 22. hxg3 Rad8 23. Bc3 Qc6 24. Nf3 Qe4 25. Qf2 Nd5 26. Ba5 Rc8 27. Rfe1 Qg6 28. Rad1 c4 29. bxc4 Rxc4 30. c3 h6 31. Rd4 Ba6 32. Nh4 Qh5 33. Qf3 Qxf3 34. Nxf3 Rb7 35. Rxc4 Bxc4 36. Re4 Bd3 37. Rd4 Rb1+ 38. Kh2 Bf5 39. Nd2 Ra1 40. Bb4 Ne3 41. g4 Nxg4+ 42. Kg3 a5 43. Bd6 Rc1 44. Rc4 Kh7 45. Kf3 a4 46. Rc7 Kg6 47. Ke2 Ra1 48. Ra7 Rg1 49. Kf3 Bc2 50. Nc4 h5 51. Bc5 Re1 52. Nd6 f6 53. Ne8 fxe5 54. Rxg7+ Kh6 55. Rg8 Be4+ 56. Kg3 exf4+ 57. Kxf4 e5+ 58. Kg3 Bg6 59. Bf8+ Kg5 60. Be7+ Kh6 61. Bf8+ Kg5 1/2-1/2

[Event "POL-ch U16"]
[Site "Leba"]
[Date "2006.03.28"]
[Round "5"]
[White "Kukla, Maciej"]
[Black "Jedrzejewski, Kamil"]
[Result "1-0"]
[WhiteElo "1987"]
[BlackElo "2062"]
[PlyCount "87"]
[EventDate "2006.03.25"]
[EventType "swiss"]
[EventRounds "11"]
[EventCountry "POL"]
[SourceTitle "CBM 111 Extra"]
[Source "ChessBase"]
[SourceDate "2006.05.09"]
[SourceVersion "1"]
[SourceVersionDate "2006.05.09"]
[SourceQuality "1"]

1. e4 d5 2. exd5 Nf6 3. Nf3 Nxd5 4. d4 g6 5. c4 Nb6 6. Nc3 Bg7 7. c5 Nd5 8. Bc4 c6 9. 0-0 0-0 10. Re1 h6 11. Qb3 Nxc3 12. bxc3 b6 13. cxb6 axb6 14. Ba3 Bf6 15. Ne5 Kg7 16. Nxf7 Rxa3 17. Qxa3 Rxf7 18. Bxf7 Kxf7 19. Qb3+ Kg7 20. Rab1 Nd7 21. Re6 Qc7 22. Qc4 Nb8 23. Ree1 b5 24. Qb4 Bf5 25. Rbd1 Qd6 26. Qa5 Nd7 27. Rd2 Nc5 28. Red1 Ne4 29. Rd3 Bh4 30. g3 Bf6 31. Re3 Bg5 32. Ree1 Qd5 33. Qc7 Bf6 34. Re3 Qxa2 35. Rf1 Qd5 36. Rfe1 Bg5 37. f4 Bf6 38. g4 Bxg4 39. Rxe4 Kf7 40. Rxe7+ Bxe7 41. Qxe7+ Kg8 42. Qe8+ Kg7 43. Re7+ Kf6 44. Qf8+ 1-0

[Event "POL-ch U16"]
[Site "Leba"]
[Date "2006.03.27"]
[Round "4"]
[White "Galazewski, Tomasz"]
[Black "Kukla, Maciej"]
[Result "1-0"]
[WhiteElo "2154"]
[BlackElo "1987"]
[PlyCount "71"]
[EventDate "2006.03.25"]
[EventType "swiss"]
[EventRounds "11"]
[EventCountry "POL"]
[SourceTitle "CBM 111 Extra"]
[Source "ChessBase"]
[SourceDate "2006.05.09"]
[SourceVersion "1"]
[SourceVersionDate "2006.05.09"]
[SourceQuality "1"]

1. Nf3 Nf6 2. g3 g6 3. Bg2 Bg7 4. 0-0 0-0 5. d3 d6 6. c4 c5 7. Nc3 Nc6 8. e4 Ne8 9. Be3 a6 10. d4 cxd4 11. Nxd4 Ne5 12. b3 Ng4 13. Bc1 Qb6 14. Nde2 Qa5 15. Bd2 Qd8 16. h3 Ne5 17. Be3 b5 18. cxb5 axb5 19. Nd5 Bb7 20. Nd4 e6 21. Nb4 Qa5 22. a3 Rc8 23. Qe2 Nc7 24. f4 Nd7 25. Nbc6 Qa8 26. Ne7+ Kh8 27. Nxc8 Rxc8 28. Rac1 Nc5 29. b4 e5 30. fxe5 dxe5 31. Nxb5 Nxb5 32. Bxc5 Rxc5 33. Rxc5 Nd4 34. Qc4 Ba6 35. b5 Nxb5 36. Rxb5 1-0

[Event "POL-ch U16"]
[Site "Leba"]
[Date "2006.03.25"]
[Round "1"]
[White "Kukla, Maciej"]
[Black "Zielinski, Stanislaw"]
[Result "1-0"]
[WhiteElo "1987"]
[BlackElo "2119"]
[PlyCount "41"]
[EventDate "2006.03.25"]
[EventType "swiss"]
[EventRounds "11"]
[EventCountry "POL"]
[SourceTitle "CBM 111 Extra"]
[Source "ChessBase"]
[SourceDate "2006.05.09"]
[SourceVersion "1"]
[SourceVersionDate "2006.05.09"]
[SourceQuality "1"]

1. e4 e5 2. Nf3 Nc6 3. Bb5 a6 4. Ba4 Nf6 5. 0-0 Nxe4 6. d4 b5 7. Bb3 d5 8. dxe5 Be6 9. c3 Be7 10. Be3 0-0 11. Re1 Na5 12. Nd4 c5 13. Nxe6 fxe6 14. Qg4 Rf5 15. f3 Nxb3 16. fxe4 Nxa1 17. exf5 Nc2 18. f6 Bf8 19. fxg7 Nxe1 20. Bh6 Be7 21. Qxe6# 1-0

[Event "POL-chT U19 36th 1st League"]
[Site "Koszalin"]
[Date "2005.07.12"]
[Round "10"]
[White "Kukla, Maciej"]
[Black "Strzemiecki, Zbigniew"]
[Result "0-1"]
[WhiteElo "1969"]
[BlackElo "2195"]
[PlyCount "144"]
[EventDate "2005.07.05"]
[EventType "team-tourn"]
[EventRounds "11"]
[EventCountry "POL"]
[SourceTitle "CBM 107 Extra"]
[Source "ChessBase"]
[SourceDate "2005.09.01"]
[SourceVersion "1"]
[SourceVersionDate "2005.09.01"]
[SourceQuality "1"]
[WhiteTeam "Bogatynia UKS SP3 U19"]
[BlackTeam "Poznan Pocztowiec U19"]
[WhiteTeamCountry "POL"]
[BlackTeamCountry "POL"]

1. e4 e6 2. d4 d5 3. Nd2 Nf6 4. e5 Nfd7 5. c3 c5 6. f4 Nc6 7. Ndf3 Qb6 8. g3 cxd4 9. cxd4 Be7 10. Kf2 Ndb8 11. Kg2 f5 12. Bd3 Bd7 13. Ne2 a5 14. b3 Na6 15. a3 0-0-0 16. Bd2 Be8 17. Qc2 Kb8 18. Rhb1 Bh5 19. b4 axb4 20. Qa4 Bxf3+ 21. Kxf3 Nxd4+ 22. Kg2 Nc5 23. Qxb4 Qxb4 24. Bxb4 Nc6 25. Bxc5 Bxc5 26. Rc1 Be3 27. Rc3 Bd4 28. Rxc6 Bxa1 29. Rxe6 g6 30. h3 Bb2 31. a4 Rhe8 32. Rb6 Ba3 33. Kf3 Kc7 34. Rb3 Bc5 35. g4 fxg4+ 36. hxg4 b6 37. Nc1 Re7 38. g5 Rf8 39. Kg4 Be3 40. Ne2 Ref7 41. Bxg6 Rxf4+ 42. Nxf4 Rxf4+ 43. Kg3 hxg6 44. Rxe3 Rxa4 45. Rd3 d4 46. Kf4 Rb4 47. Ke4 Kd7 48. Kd5 Rb5+ 49. Kxd4 Ke6 50. Rf3 Rd5+ 51. Kc4 Kxe5 52. Rf6 Rd6 53. Rf8 Re6 54. Kb5 Ke4 55. Rf6 Re5+ 56. Kxb6 Rxg5 57. Kc6 Rg1 58. Kd6 g5 59. Kc5 Rc1+ 60. Kd6 g4 61. Rg6 Kf5 62. Rg8 Rd1+ 63. Kc5 Kf4 64. Rf8+ Ke3 65. Rg8 Kf3 66. Kc4 g3 67. Rf8+ Ke3 68. Rg8 Kf2 69. Rf8+ Kg1 70. Kc3 Kg2 71. Rg8 Kf2 72. Rf8+ Ke3 0-1

[Event "POL-chT U19 36th 1st League"]
[Site "Koszalin"]
[Date "2005.07.07"]
[Round "3"]
[White "Kukla, Maciej"]
[Black "Klim, Kamil"]
[Result "1/2-1/2"]
[WhiteElo "1969"]
[BlackElo "1955"]
[PlyCount "85"]
[EventDate "2005.07.05"]
[EventType "team-tourn"]
[EventRounds "11"]
[EventCountry "POL"]
[SourceTitle "CBM 107 Extra"]
[Source "ChessBase"]
[SourceDate "2005.09.01"]
[SourceVersion "1"]
[SourceVersionDate "2005.09.01"]
[SourceQuality "1"]
[WhiteTeam "Bogatynia UKS SP3 U19"]
[BlackTeam "Gorzow Wielkopolski Stilon U19"]
[WhiteTeamCountry "POL"]
[BlackTeamCountry "POL"]

1. e4 c6 2. d4 d5 3. e5 Bf5 4. Nc3 Bg6 5. h4 Qc8 6. Be2 h6 7. Be3 e6 8. h5 Bh7 9. f4 Nd7 10. g4 Ne7 11. Na4 a6 12. c3 Qc7 13. Nc5 Nb8 14. a4 b6 15. Nb3 a5 16. Bd3 Bxd3 17. Qxd3 Nd7 18. Rc1 Qb7 19. Ne2 c5 20. dxc5 d4 21. 0-0 dxe3 22. Qb5 Qc6 23. Ned4 Qxb5 24. Nxb5 Nd5 25. c4 Nxc5 26. N3d4 0-0-0 27. cxd5 Rxd5 28. Rfe1 Kb7 29. Rxe3 Be7 30. Rc4 Rhd8 31. Kg2 R5d7 32. Kf3 Bf8 33. f5 Be7 34. Re2 Rd5 35. Re3 R5d7 36. Kf2 Bg5 37. Re2 Bh4+ 38. Kf3 Be7 39. Re3 Bf8 40. Kg3 Be7 41. Kf3 Rd5 42. Re2 R8d7 43. Kf4 1/2-1/2